Palm oil carotenes : chemistry and technology /
Saved in:
| Main Author: | |
|---|---|
| Format: | Thesis Book |
| Language: | English |
| Published: |
1995.
|
| Subjects: | |
| Online Access: | http://studentsrepo.um.edu.my/id/eprint/751 |
| Tags: |
Add Tag
No Tags, Be the first to tag this record!
|
| LEADER | 01026cam a2200277 a 4500 | ||
|---|---|---|---|
| 001 | u393191 | ||
| 003 | SIRSI | ||
| 008 | 930115s1995 my t 00 1 eng m | ||
| 035 | |a ABZ-4628 | ||
| 040 | |a UMM | ||
| 090 | |a QK898 |b C35Yap | ||
| 091 | |a Microfiche 14560 | ||
| 100 | 1 | 0 | |a Yap, Soon Chee. |
| 245 | 1 | 0 | |a Palm oil carotenes : |b chemistry and technology / |c Yap Soon Chee. |
| 260 | |c 1995. | ||
| 300 | |a xxviii, 252 leaves : |b ill., ports ; |c 30 cm. | ||
| 500 | |a Microfiche. Kuala Lumpur : University of Malaya Library, 2000. 4 fiches : negative ; 11 x 15 cm. | ||
| 502 | |a Thesis (Ph. D.) -- Jabatan Kimia, Fakulti Sains, Universiti Malaya, 1996. | ||
| 504 | |a Includes bibliographical references. | ||
| 650 | 0 | |a Carotenes. | |
| 650 | 0 | |a Palm oil |x Composition. | |
| 710 | 2 | 0 | |a Universiti Malaya. |b Jabatan Kimia. |
| 856 | 4 | 1 | |u http://studentsrepo.um.edu.my/id/eprint/751 |
| 948 | |a 27/02/1996 |b 31/07/2002 | ||
| 596 | |a 1 | ||
| 999 | |a QK898 C35YAP |w LC |c 1 |i A506441032 |d 8/10/2011 |e 8/10/2011 |l STACKS |m P01UTAMA |n 6 |r Y |s Y |t TESIS |u 22/11/1996 | ||
